000 00420nam a22001817a 4500
003 OSt
005 20260406163716.0
008 260406b |||||||| |||| 00| 0 eng d
020 _a9789387464902
082 _a8H1.4337
_bKAUC
100 _aKaul, Manav
245 _aChalta-firta pret
260 _aNew Delhi
_bHind Yugm
_c2025
300 _a160p
546 _aHindi
650 _aHindi Literature
942 _2ddc
_cBK
999 _c3982
_d3982